| 000 | 00659nam a2200205 i 4500 | ||
|---|---|---|---|
| 001 | 188003 | ||
| 003 | ES-MaACL | ||
| 005 | 20230906223058.0 | ||
| 007 | t| | ||
| 008 | 180406s1932 xxk ||||1| eng d | ||
| 100 | 0 |
_aRutherford, D. E. _9101066 |
|
| 245 | 1 | 0 |
_aModular invariants / _cby D.E. Rutherford. |
| 260 |
_aLondon : _bCambridge University Press, 1932. |
||
| 300 |
_aVIII, 84 p. ; _c22 cm. |
||
| 490 | 1 |
_aCambridge tracts in mathematics and mathematical physics ; _v27 |
|
| 650 | 4 |
_aInvariantes. _9164551 |
|
| 830 | 0 |
_aCambridge tracts in mathematics and mathematical physics ; _v27 _9192958 |
|
| 852 |
_aES-MaACL _jC-8165 |
||
| 999 |
_c188003 _d188003 |
||